Villes les plus peuplées des Pays-Bas - Statistiques

Statistiques générales
  • Ce quiz a été pris 209 fois
  • Le résultat moyen est 8 sur 20
Statistiques - réponses
Population Ville % Correct
840 486 Amsterdam
100%
632 388 Rotterdam
97%
225 060 Eindhoven
83%
521 107 La Haye
83%
340 153 Utrecht
76%
199 860 Groningue
54%
182 394 Bréda
48%
172 463 Nimègue
37%
154 815 Arnhem
35%
213 032 Tilbourg
30%
158 395 Haarlem
29%
125 241 Zwolle
27%
151 948 Bois-le-Duc
23%
199 479 Almere
19%
157 848 Enschede
17%
153 913 Amersfoort
16%
159 475 Apeldoorn
15%
124 437 Zoetermeer
4%
152 973 Zaanstad
3%
145 103 Haarlemmermeer
2%
Aucun quiz correspondant
Distribution des résultats
% des personnes avec chaque résultat
Percentile par nombre de réponses
Votre historique - résultats
Vous n’avez pas pris ce quiz